MDQL
is popping MORE tags! Check the
thread
!
Quizzes
Events
Quiz Creation
Community
Videos
Private Events
Remove Ads
Sign In
Join for FREE
Feedback
Dark Mode
Quiz Categories
Sports
Geography
Music
Movies
Television
Just For Fun
Miscellaneous
History
Literature
Language
Science
Gaming
Entertainment
Religion
Holiday
For Kids
Quiz Lab
Recent
Popular Today
Quiz Kudos Today
Editor Picks
Curator Picks
Quizzes by...
Day
Popularity
Type
Ratings
Length
Year
Community
Subscriptions
Recent Discussions
Orange Saloon
Badges
Playlists
Quests
Create
Leaderboards
Showdown
Live 5
Trivia Bingo
Activity
Puzzle Library
Sporcle Events
Private Events
Virtual Trivia
Globe League
Become a Host
Pub Owners
SporcleCon
Opinionation
Our Games
Videos
Blog
Mobile Apps
Partnerships
Remove Ads and Go Orange
Feedback
Just For Fun
Clickable
Get the Picture
Humor
Quick Pick
Word Ladder
Missing Word
Mixed Word
Blitz
Minefield
This or That
Alphabet
Color
Typing
Sporcle
Puzzle
Word Play
Follow That Line
Logic
Just For Fun
Clickable
Get the Picture
Humor
Quick Pick
Word Ladder
Missing Word
Mixed Word
Blitz
Minefield
This or That
Alphabet
Color
Typing
Sporcle
Puzzle
Word Play
Follow That Line
Logic
Random Quiz
Search Sporcle
×
Quiz Lab
Quiz Lab
Just For Fun
Type in answers that appear in a list
Type in answers that appear in a list
Classic
Best Score? Go Orange.
Can You Guess the Kooman and Dimond Lyics? 2 Stats
Can you name the Can You Guess the Kooman and Dimond Lyics? 2
By
1womanorchestra
10m
262 Questions
4 Plays
4 Plays
4 Plays
Comments
Comments
Give Quiz Kudos
Give Quiz Kudos
-
- Ratings
hide this ad
Replay
Link that replays current quiz
Next Quiz
Link to next quiz in quiz playlist
You Got
0%
They Got
Avg Score
40%
Avg Friend Score
Upgrade to see
Score Distribution
Jump to the score distribution portion of the page
Score
0/262
Timer
10:00
0
Plays Today
Hint
Answer
% Correct
the
100%
the
100%
and
100%
a
100%
a
100%
and
100%
a
100%
a
100%
the
100%
and
100%
a
100%
a
100%
and
100%
a
100%
a
100%
the
100%
a
100%
a
100%
a
100%
a
100%
a
100%
I
75%
I
75%
I
75%
I
75%
I
75%
I
75%
I
75%
be
75%
I
75%
in
50%
you're
50%
in
50%
you
50%
to
50%
my
50%
in
50%
in
50%
my
50%
but
50%
your
50%
me
50%
that
50%
in
50%
of
50%
you
50%
me
50%
of
50%
my
50%
for
50%
so
50%
of
50%
my
50%
for
50%
in
50%
your
50%
you
50%
me
50%
of
50%
my
50%
for
50%
your
50%
me
50%
me
50%
to
50%
me
50%
to
50%
you
50%
to
50%
is
50%
you
50%
me
50%
of
50%
my
50%
for
50%
so
50%
of
50%
my
50%
for
50%
in
50%
your
50%
you
50%
me
50%
my
50%
of
50%
for
50%
you
50%
me
50%
Hint
Answer
% Correct
to
50%
see
50%
but
50%
in
50%
of
50%
me
50%
that
50%
is
50%
is
50%
that
50%
of
50%
my
50%
for
50%
so
50%
of
50%
my
50%
for
50%
in
50%
your
50%
of
50%
my
50%
for
50%
in
50%
you're
50%
in
50%
you
50%
to
50%
lived
25%
life
25%
daydreams
25%
avoiding
25%
what
25%
was
25%
real
25%
when
25%
lost
25%
daydreams
25%
never
25%
have
25%
feel
25%
distance
25%
was
25%
comfort
25%
left
25%
world
25%
behind
25%
found
25%
safety
25%
illusion
25%
escaped
25%
mind
25%
eyes
25%
convinced
25%
was
25%
wrong
25%
somehow
25%
them
25%
saw
25%
beauty
25%
living
25%
here
25%
now
25%
brought
25%
out
25%
head
25%
while
25%
out
25%
head
25%
just
25%
little
25%
while
25%
lying
25%
there
25%
bed
25%
watching
25%
smile
25%
brought
25%
out
25%
head
25%
while
25%
tender
25%
arms
25%
surround
25%
with
25%
warmth
25%
never
25%
knew
25%
they
25%
Hint
Answer
% Correct
pull
25%
present
25%
they
25%
pull
25%
close
25%
our
25%
lips
25%
whisper
25%
secrets
25%
our
25%
bodies
25%
intertwine
25%
something
25%
close
25%
happy
25%
suddenly
25%
mine
25%
brought
25%
out
25%
head
25%
while
25%
out
25%
head
25%
just
25%
little
25%
while
25%
lying
25%
there
25%
bed
25%
watching
25%
smile
25%
brought
25%
out
25%
head
25%
while
25%
woke
25%
brilliant
25%
world
25%
couldn't
25%
should've
25%
seen
25%
signs
25%
right
25%
there
25%
front
25%
cause
25%
heart
25%
newly
25%
awake
25%
heart
25%
can
25%
easily
25%
break
25%
now
25%
I'm
25%
out
25%
head
25%
while
25%
out
25%
head
25%
just
25%
little
25%
while
25%
now
25%
I'm
25%
lying
25%
bed
25%
missing
25%
smile
25%
I'll
25%
out
25%
head
25%
while
25%
lived
25%
life
25%
daydreams
25%
avoiding
25%
what
25%
was
25%
real
25%
when
25%
lost
25%
daydreams
25%
never
25%
have
25%
feel
25%
Quiz Playlist
Details
Report
Send in Message
Add To Playlist
Classic:
Type in answers that appear in a list
Last Updated: Feb 16, 2017
Quiz Scoreboard
CHALLENGE
Sign Up to Join the Scoreboard
Show All
Scores
Hide
Comments
May contain spoilers
Recently Published
1-10 Letter E Words III
by El_Dandy
Language
2m
Street Fighter Characters
by Artimus82
Gaming
60s
College Basketball Coaching Resumes
by pancakes188
Sports
9m
More to Explore
Quiz From the Vault
Featured Blog Post
Where Did the Easter Bunny Come From?
hide this ad
You Might Also Like...
Tags
This quiz does not have any tags.
Today's Top Quizzes in Just For Fun
Browse Just For Fun
hide this ad
Top Contributed Quizzes in Just For Fun
1
Name Just One - 10 to 1: Just For Fun
2
Killer Double Trees 224 - Colour Match-Up
3
Spring Typing Challenge
4
Crossword Whiteout! 49
5
Zeroing In: Just For Fun
6
Survivor Winners Logic Puzzle
7
Word Ladder: Ahoy Matey
8
Word Ladder: Wilderness Weapon
9
Kyle's 122nd Triple Trees
10
Clickable Animal Jokes #2
Explore More
Trending Topics
Anime
NBA
Crossword
Kpop
Marvel
Harry Potter
Disney
NFL
WWE
The Office
Song
Country
Soccer
Pokémon
Puzzle
hide this ad
More By:
1womanorchestra
Quiz
Plays
Rating
Category
Featured
Created
Guess the Lyrics. (Theatre Edition)
107
5.00
Entertainment
Nov 24, 2014
Can You Guess the Kooman and Dimond Lyrics? 3
6
Just For Fun
Nov 17, 2014
Can You Guess the Kooman and Dimond Lyics? 2
4
Just For Fun
Oct 29, 2014
Go to Creator's Profile
Score Distribution
Quiz Creator Spotlight
1womanorchestra
Follow
Send a Message
Quizzes Created
-
Created Quiz Play Count
-
More By This Creator
Popular Quizzes Today
1
Find the US States - No Outlines Minefield
2
Find the Countries of Europe - No Outlines Minefield
3
The Countries of the World
4
Find the US States
5
Risky Map Clicking: Biggest States A-Z
6
US States
7
Popular People in 1961
8
Movies - When Are They Set?
More Just For Fun Quizzes
Missing Word: All About 'Roo' Movies
Published
Trending Quizzes
Risky Map Clicking: Least Populous States A-Z
Billboard Blitz: Aretha Franklin
Famous Russians: Author or Composer?
Countries of the World: 200 Million BC
1-10 Letter G Words
Recently Updated
Leaping Animals
pecheneg
Reality TV Shows (A-Z)
bhenderson79
Rickey Henderson's Hall of Fame Teammates
pecheneg
Champions League XIs: Arsenal
pecheneg
Quick Pick: Celebrities in WWE's Hall of Fame
aduchscher
A-Z Keypad Blitz II
pecheneg
Multiple Oscar Actors
pecheneg
Mystery Phrase Blitz: Oscar 'Best Actors'
pecheneg
F. Scott Fitzgerald Novels
LTH
Pick 3 Villains
ddd62291
Trending Topics
Disney
Anime
NBA
Crossword
Marvel
Harry Potter
Kpop
Country
Pokémon
NFL
Song
The Office
Soccer
Puzzle
WWE
Your Account Isn't Verified!
In order to create a playlist on Sporcle, you need to verify the email address you used during registration. Go to your
Sporcle Settings
to finish the process.
Report this User
Report this user for behavior that violates our
Community Guidelines
.
Details:
Send Report
Go to the Sporcle.com Mobile Site →
Comments